000 00714nam a2200241Ia 4500
003 OSt
005 20220916111044.0
006 a|||||r|||| 00| 0
007 ta
008 Pun
024 _a244955
037 _cTextbook
040 _bPun
_aARTS
_cARTS
041 _aPun
082 _aO153,1x, L7
100 _aਹਸਰਤ, ਮੁਨFੀ ਰਾਮ
245 0 _aਹਸਰਤਾਂ
260 _aਦਿੱਲੀ
_bਕੇ੍ਵਦਰੀ ਪੰਜਾਬੀ ਸਾਹਿਤ ਸੰਮੇਲਨ ਭਾਰਤ
_c1977
300 _a80ਪੰ
_ccm.
650 _aਪੰਜਾਬੀ ਸਾਹਿਤ
942 _hO153,1x, L7
_cTB
_2CC
999 _c104711
_d104711